[Event "Match"]
[Site "www.echecsemail.com"]
[Date "2018.03.24"]
[Round "1"]
[White "Fegatux"]
[Black "Jesmantiz"]
[WhiteElo "2099"]
[BlackElo "2250"]
[Result "1-0"]
[Round "1"]
1.d4 f5
2.Nb1c3 d6
3.e4 g6
4.Bf1c4 Ng8f6
5.f3 c6
6.Bc1g5 Bf8g7
7.Qd1d2 b5
8.Bc4d3 O-O
9.Ng1e2 Nb8a6
10.a3 Na6c7
{ time. }
1-0

[Event "Match"]
[Site "www.echecsemail.com"]
[Date "2018.03.24"]
[Round "1"]
[White "Gegonz"]
[Black "Whitekknight"]
[WhiteElo "1610"]
[BlackElo "1900"]
[Result "1/2-1/2"]
[Round "1"]
1.Ng1f3 d5
2.c4 e5
3.g3 e4
4.Nf3d4 Bf8c5
5.Nd4b3 Bc5b6
6.c5 Bb6xc5
7.Nb3xc5 Qd8d6
8.d4 Ng8f6
9.Bc1e3 Nb8d7
10.Bf1g2 b6
11.Be3f4 Qd6c6
12.Nc5xd7 Qc6xd7
13.O-O Bc8a6
14.Nb1c3 c6
15.Ra1c1 O-O
16.Qd1a4 Qd7c8
17.Nc3xd5 Nf6xd5
18.Rc1xc6 Qc8b7
19.Bg2xe4 Nd5xf4
20.gxf4 Ba6xe2
21.Rf1e1 Be2g4
22.Rc6c3 { draw }
1/2-1/2

[Event "Match"]
[Site "www.echecsemail.com"]
[Date "2018.03.24"]
[Round "1"]
[White "Calponas"]
[Black "Fegatux"]
[WhiteElo "2090"]
[BlackElo "2169"]
[Result "0-1"]
[Round "1"]
1.e4 g6
2.d4 Bf8g7
3.Ng1f3 c5
4.c3 cxd4
5.cxd4 d5
6.e5 Bc8g4
7.h3 Bg4f5
8.Nb1c3 Nb8c6
9.Bc1f4 e6
10.Bf1e2 Qd8b6
11.Qd1b3 Qb6xb3
12.axb3 Ng8e7
13.O-O O-O
14.Rf1c1 Bf5e4
15.Nc3b5 Be4xf3
16.Be2xf3 a6
17.Nb5d6 Nc6xd4
18.Rc1c7 Nd4xf3
19.gxf3 Ne7c6
20.Ra1e1 Nc6d4
21.Kg2 Nd4xb3
22.Rc7xb7 Nb3c5
23.Rb7c7 Nc5d3
{ resign }
0-1

[Event "Tourn. n9731"]
[Site "www.chess-mail.com"]
[Date "2018.03.25"]
[Round "1"]
[White "Picifarkinca"]
[Black "Caroluigi"]
[WhiteElo "1680"]
[BlackElo "1740"]
[Result "1/2-1/2"]
[Round "1"]
1.e4 e5
2.f4 d5
3.exd5 e4
4.c4 Bf8d6
5.d4 f5
6.c5 Bd6e7
7.Nb1c3 Ng8f6
8.Bf1c4 Bc8d7
9.Qd1e2 a6
10.Bc1e3 b5
11.cxb6 cxb6
12.O-O-O b5
13.Bc4b3 Qd8c7
14.Kb1 b4
15.Nc3a4 Bd7b5
16.Qe2e1 Nb8d7
17.Rd1c1 Qc7b7
18.Ng1h3 Nf6xd5
19.Na4c5 Nd7xc5
20.dxc5 Ra8c8
21.c6 Rc8xc6
22.Qe1d2 Rc6d6
23.Ka1 Rd6d7
24.Bb3xd5 Rd7xd5
25.Rc1c8 Rd5d8
26.Rc8xd8 Be7xd8
27.Qd2xb4 Qb7d5
28.Qb4d4 Qd5xd4
29.Be3xd4 O-O
30.Rh1c1 h6
31.Nh3f2 Rf8e8
32.Nf2d1 Bd8a5
33.Nd1e3 g6
34.a3 Re8d8
35.Bd4a7 Rd8d7
36.Ba7b8 Kf7
37.b4 Ba5b6
38.Ne3c2 Rd7d8
39.Bb8e5 Rd8c8
40.Kb2 Bb5d3
41.Nc2d4 Rc8xc1
42.Kxc1 Bb6xd4
43.Be5xd4 g5
44.g3 gxf4
45.gxf4 Kg6
46.Kd2 Kh5
47.Bd4g7 Kh4
48.Bg7xh6 Kh3
49.Ke1 Kxh2
50.Kf2 { draw }
1/2-1/2

[Event "Tourn. n9731"]
[Site "www.chess-mail.com"]
[Date "2018.03.25"]
[Round "1"]
[White "Dussek"]
[Black "Libiesse"]
[WhiteElo "1720"]
[BlackElo "1850"]
[Result "1/2-1/2"]
[Round "1"]
1.Ng1f3 d5
2.g3 Ng8f6
3.Bf1g2 c6
4.O-O Nb8d7
5.d4 Nd7b6
6.b3 Bc8g4
7.Nf3e5 Bg4f5
8.Nb1c3 e6
9.Bc1g5 Bf8e7
10.Bg5xf6 Be7xf6
11.e3 Bf6xe5
12.dxe5 O-O
13.f4 h6
14.Qd1e2 Ra8c8
15.Ra1d1 c5
16.a4 Qd8c7
17.Nc3b5 Qc7e7
18.Nb5d6 Rc8c7
19.a5 Nb6c8
20.Nd6xf5 exf5
21.Bg2xd5 b6
22.a6 Qe7e8
23.e4 Nc8e7
24.Bd5b7 b5
25.exf5 Ne7xf5
26.c3 b4
27.c4 Nf5d4
28.Qe2b2 Qe8e7
29.Bb7e4 Qe7e6
{ draw }
1/2-1/2

[Event "Tourn. n9737"]
[Site "www.chess-mail.com"]
[Date "2018.03.25"]
[Round "1"]
[White "Hansen"]
[Black "Azulmarino"]
[WhiteElo "1520"]
[BlackElo "1580"]
[Result "0-1"]
[Round "1"]
1.e4 e5
2.h3 Bf8c5
3.g3 Qd8f6
4.Ng1f3 Nb8c6
5.Nb1c3 Nc6d4
6.Nf3xd4 exd4
7.Nc3d5 Qf6e5
8.Bf1g2 Ng8f6
9.d3 Nf6xd5
10.Bc1f4 Nd5xf4
11.gxf4 Qe5xf4
12.O-O Bc5d6
13.f3 Qf4h2
14.Kf2 Qh2g3
15.Kg1 h5
16.Qd1d2 Rh8h6
17.f4 Rh6g6
18.Rf1f2 Bd6xf4
19.Qd2e2 Qg3h2
20.Kf1 d6
21.e5 Bf4e3
22.Bg2c6 bxc6
23.Rf2xh2 Rg6g1
{ resign }
0-1

[Event "Tourn. n9737"]
[Site "www.chess-mail.com"]
[Date "2018.03.25"]
[Round "1"]
[White "Picifarkinca"]
[Black "Hansen"]
[WhiteElo "1700"]
[BlackElo "1530"]
[Result "1-0"]
[Round "1"]
1.d4 Nb8c6
2.g3 e6
3.Bf1g2 Nc6b4
4.a3 Nb4a6
5.e4 c6
6.c4 d5
7.cxd5 exd5
8.Nb1c3 h6
9.exd5 cxd5
10.Nc3xd5 Bc8e6
11.Nd5c3 Ra8c8
12.Bg2xb7 Bf8c5
13.Bb7xa6 Rc8c6
14.Ba6b5 Qd8d7
15.dxc5 Qd7xd1
16.Kxd1 Kd7
17.Bb5xc6 Kxc6
18.Bc1e3 Ng8f6
19.f3 Rh8d8
20.Kc2 Be6f5
21.Kc1 Rd8d3
22.Be3f4 Kxc5
23.Ng1e2 Rd3xf3
24.Kd2 Rf3d3
25.Ke1 g5
26.Bf4b8 a6
27.Rh1f1 Rd3e3
28.Rf1xf5 Nf6d5
29.Bb8a7 Kd6
30.Rf5xd5 Kc6
31.Ba7xe3 { resign }
1-0

[Event "Tourn. n9755"]
[Site "www.chess-mail.com"]
[Date "2018.03.25"]
[Round "1"]
[White "Fantomas"]
[Black "Ejner"]
[WhiteElo "2260"]
[BlackElo "2380"]
[Result "0-1"]
[Round "1"]
1.c4 e6
2.d4 d5
3.e3 c5
4.Ng1f3 Nb8c6
5.Nb1c3 Ng8f6
6.Bf1e2 a6
7.O-O dxc4
8.Be2xc4 b5
9.Bc4b3 cxd4
10.exd4 Nc6a5
11.Bb3c2 Bc8b7
12.Nf3e5 Bf8e7
13.Bc1e3 Ra8c8
14.Qd1e2 O-O
15.Rf1d1 Na5c4
16.Ne5xc4 Rc8xc4
17.Bc2b3 Rc4c8
18.f3 Nf6d5
19.Nc3xd5 Bb7xd5
20.Bb3c2 Be7g5
21.Bc2e4 Bg5xe3
22.Qe2xe3 Qd8d6
23.b3 Rc8c6
24.Ra1c1 Rf8c8
25.Rc1xc6 Rc8xc6
26.Be4xd5 Qd6xd5
27.Qe3e5 Qd5d8
28.Rd1d2 Rc6d6
29.g3 Rd6d5
30.Qe5e4 g6
31.Kf2 Qd8d6
32.f4 h5
33.Ke3 a5
34.Qe4c2 Qd6b6
35.Qc2e4 Kg7
36.h3 Qb6d6
37.g4 a4
38.g5 Qd6a3
39.Qe4c2 axb3
40.Qc2xb3 Qa3c1
41.Ke2 Qc1g1
42.Qb3e3 Qg1c1
43.Qe3b3 Rd5f5
44.Qb3e3 Qc1c4
45.Kf2 e5
{ resign }
0-1

[Event "Tourn. n9682"]
[Site "www.chess-mail.com"]
[Date "2018.03.25"]
[Round "1"]
[White "Danquigley"]
[Black "Piriot"]
[WhiteElo "2560"]
[BlackElo "2500"]
[Result "1-0"]
[Round "1"]
1.c4 c5
2.g3 Ng8f6
3.Bf1g2 g6
4.Nb1c3 Bf8g7
5.a3 Nb8c6
6.Ra1b1 O-O
7.d3 d6
8.b4 Nf6g4
9.Bc1d2 Ng4e5
10.Ng1h3 Bc8g4
11.Nh3f4 Ra8b8
12.O-O Nc6d4
13.h3 Bg4d7
14.e3 Nd4e6
15.b5 a6
16.Nf4d5 axb5
17.Nc3xb5 Bd7xb5
18.Rb1xb5 Qd8d7
19.Qd1b3 Ne6d8
20.Bd2c3 e6
21.Nd5b6 Qd7e7
22.Rf1e1 Nd8c6
23.f4 Ne5d7
24.Bc3xg7 Kxg7
25.Bg2xc6 bxc6
26.Nb6xd7 Rb8xb5
27.cxb5 Qe7xd7
28.b6 Qd7b7
29.a4 Rf8a8
30.a5 Qb7a6
31.Re1a1 Ra8b8
32.Qb3c4 { resign }
1-0

[Event "Match"]
[Site "www.echecsemail.com"]
[Date "2018.03.25"]
[Round "1"]
[White "Caspito"]
[Black "Darknight"]
[WhiteElo "1950"]
[BlackElo "1800"]
[Result "1-0"]
[Round "1"]
1.e4 e5
2.Ng1f3 d6
3.Nb1c3 c6
4.d4 exd4
5.Qd1xd4 h6
6.Bc1f4 Ng8f6
7.O-O-O Nf6h5
8.Bf4g3 Bc8g4
9.Bf1e2 a6
10.Bg3xd6 Bf8xd6
11.Qd4xd6 Qd8xd6
12.Rd1xd6 O-O
13.h3 Bg4xf3
14.Be2xf3 Rf8e8
15.Bf3xh5 Re8e5
16.g4 a5
17.f4 Re5e7
18.Rd6d8 Kh7
19.g5 g6
20.Bh5f3 h5
21.f5 Re7e5
22.fxg6 Kxg6
23.h4 b5
24.Rd8h8 Kg7
25.Rh8xh5 Nb8d7
26.Rh5h6 f6
27.Bf3g4 Nd7c5
28.Bg4f5 b4
29.Rh6xf6 bxc3
30.Rf6xc6 Nc5a4
31.bxc3 Ra8b8
32.Rc6c7 Kh8
33.h5 Rb8b2
34.Rh1d1 Rb2xa2
35.Rd1d8 Re5e8
36.Rd8xe8 { resign }
1-0

[Event "Match"]
[Site "www.echecsemail.com"]
[Date "2018.03.25"]
[Round "1"]
[White "Bjonil60"]
[Black "Fegatux"]
[WhiteElo "1490"]
[BlackElo "1499"]
[Result "0-1"]
[Round "1"]
1.c4 e5
2.e4 Nb8c6
3.Nb1c3 d6
4.b3 f5
5.f3 Ng8f6
6.Qd1e2 Bf8e7
7.exf5 Nc6d4
8.Qe2f2 Nd4c2
9.Kd1 Nc2xa1
10.b4 Bc8xf5
11.h3 Na1c2
12.g4 Bf5g6
13.d3 Nc2xb4
14.a3 Nb4xd3
15.Qf2d2 Nd3xc1
16.Kxc1 Nf6xg4
17.fxg4 Be7g5
18.Qd2xg5 Qd8xg5
19.Kb2 Qg5d2
20.Kb3 Qd2c2
21.Kb4 Qc2b2
22.Ka4 Bg6c2
23.Ka5 Qb2b6

0-1

[Event "Match"]
[Site "www.echecsemail.com"]
[Date "2018.03.25"]
[Round "1"]
[White "Jacks"]
[Black "Biohazard"]
[WhiteElo "2840"]
[BlackElo "2789"]
[Result "1/2-1/2"]
[Round "1"]
1.Ng1f3 d5
2.e3 c6
3.c4 e6
4.Nb1c3 Ng8f6
5.d4 Nb8d7
6.Qd1c2 b6
7.Bf1d3 Bc8b7
8.O-O h6
9.b3 Bf8e7
10.Bc1b2 O-O
11.Ra1d1 Qd8c7
12.Qc2e2 Ra8d8
13.Bd3b1 Rf8e8
14.Qe2c2 Be7d6
15.h3 Qc7b8
16.e4 e5
17.exd5 { draw }
1/2-1/2

[Event "Match"]
[Site "www.echecsemail.com"]
[Date "2018.03.25"]
[Round "1"]
[White "Aperturaf"]
[Black "Apdash"]
[WhiteElo "2690"]
[BlackElo "2220"]
[Result "1-0"]
[Round "1"]
1.e4 c5
2.Ng1f3 e6
3.d4 cxd4
4.Nf3xd4 Bf8c5
5.Nd4b3 Bc5e7
6.Nb1c3 d6
7.Bf1e2 Nb8c6
8.g4 a6
9.h4 Be7xh4
10.Bc1e3 Bh4f6
11.Qd1d2 Bf6xc3
12.Qd2xc3 Qd8f6
13.Nb3d4 Bc8d7
14.O-O-O Ra8c8
15.Qc3d2 Ng8e7
16.Nd4b3 d5
17.f4 d4
18.Nb3xd4 e5
19.Nd4b3 Nc6d4
20.Nb3xd4 exd4
21.Be3xd4 Qf6e6
22.Bd4xg7 Rh8g8
23.f5 Qe6c6
24.Bg7e5 f6
25.Be5xf6 Rc8d8
26.g5 Qc6xe4
27.Rh1xh7 { resign }
1-0

[Event "Tourn. n9766"]
[Site "www.chess-mail.com"]
[Date "2018.03.26"]
[Round "1"]
[White "Fantomas"]
[Black "Apdash"]
[WhiteElo "2240"]
[BlackElo "2170"]
[Result "1-0"]
[Round "1"]
1.e4 c5
2.Ng1f3 d6
3.d4 cxd4
4.Nf3xd4 Nb8c6
5.Nb1c3 a6
6.Bc1e3 Bc8d7
7.Nc3d5 e6
8.Nd4xc6 bxc6
9.Be3b6 Qd8c8
10.Nd5c7 Ke7
11.e5 f5
12.exd6 Kf7
13.Nc7xa8 Qc8xa8
14.Qd1d4 Ng8f6
15.Ra1d1 Nf6d5
16.Bb6c5 Rh8g8
17.c4 Nd5f6
18.Bc5a3 g6
19.c5 Bf8g7
20.Qd4a4 a5
21.Bf1c4 Qa8a7
22.O-O Nf6e4
23.Qa4c2 Rg8b8
24.Qc2e2 Rb8e8
25.Bc4b3 h6
26.Rf1e1 a4
27.Bb3c2 Ne4f6
28.Rd1d4 Nf6d5
29.Rd4xa4 Qa7b8
30.Bc2b3 h5
31.Re1d1 Qb8d8
32.Ra4a7 Kg8
33.Qe2a6 Qd8c8
34.Qa6xc8 { resign }
1-0

[Event "Tourn. n9769"]
[Site "www.chess-mail.com"]
[Date "2018.03.26"]
[Round "1"]
[White "Reda"]
[Black "Iko"]
[WhiteElo "1840"]
[BlackElo "1690"]
[Result "0-1"]
[Round "1"]
1.d4 d5
2.Bc1f4 e6
3.Nb1c3 Bf8b4
4.Qd1d3 Ng8f6
5.Qd3b5 Nb8c6
6.O-O-O Bb4xc3
7.bxc3 Nf6e4
8.Bf4g3 Ne4xc3
9.Qb5d3 Nc3xd1
10.Kxd1 O-O
11.Ng1f3 Nc6b4
12.Qd3b3 a5
13.a3 Nb4c6
14.e3 f5
15.Bf1b5 Bc8d7
16.Nf3e5 Nc6xe5
17.dxe5 Bd7xb5
18.Qb3xb5 b6
19.a4 Qd8e7
20.f4 Qe7a3
21.Kd2 Qa3b4
22.Qb5xb4 axb4
23.Rh1a1 Ra8a5
24.Bg3e1 b5
25.c3 b3
26.Kc1 bxa4
27.Kb2 Rf8b8
28.c4 Ra5a6
29.c5 c6
30.g3 Rb8b5
31.Ra1c1 a3
32.Kb1 b2
{ resign }
0-1

[Event "Tourn. n9719"]
[Site "www.chess-mail.com"]
[Date "2018.03.26"]
[Round "1"]
[White "Picifarkinca"]
[Black "Cristiano"]
[WhiteElo "1670"]
[BlackElo "1770"]
[Result "1/2-1/2"]
[Round "1"]
1.d4 d5
2.c4 e6
3.Nb1c3 Ng8f6
4.Bc1g5 c6
5.e3 Bf8e7
6.Ng1f3 Nb8d7
7.Ra1c1 O-O
8.Bf1e2 a6
9.cxd5 exd5
10.O-O Nf6e4
11.Bg5xe7 Qd8xe7
12.Be2d3 Nd7f6
13.Nf3e5 Bc8e6
14.Nc3a4 Nf6d7
15.Ne5xd7 Be6xd7
16.f3 Ne4f6
17.Rf1e1 Ra8b8
18.Na4c5 Rf8e8
19.Nc5xd7 Qe7xd7
20.e4 dxe4
21.Bd3xe4 g6
22.Rc1c5 Nf6d5
23.Be4xd5 cxd5
24.Re1xe8 Rb8xe8
25.Qd1b3 Qd7e6
26.Qb3d1 Re8c8
27.Rc5xc8 Qe6xc8
28.Qd1d2 Kg7
29.Qd2c3 Qc8d7
30.Kf2 b6
31.Qc3a3 a5
32.Qa3b3 b5
33.Qb3c3 a4
34.Qc3c5 { draw }
1/2-1/2

[Event "Tourn. n9726"]
[Site "www.chess-mail.com"]
[Date "2018.03.26"]
[Round "1"]
[White "Picifarkinca"]
[Black "Cal"]
[WhiteElo "1670"]
[BlackElo "1470"]
[Result "1-0"]
[Round "1"]
1.d4 d5
2.c4 dxc4
3.e4 b5
4.a4 bxa4
5.Qd1xa4 Bc8d7
6.Qa4xc4 e6
7.Ng1f3 h6
8.Nb1c3 a6
9.Bc1f4 Ng8f6
10.Qc4xc7 Qd8e7
11.Qc7b7 Bd7c6
12.Qb7c8 Qe7d8
13.Qc8xd8 Kxd8
14.d5 exd5
15.exd5 Bc6xd5
16.O-O-O Nb8d7
17.Nc3xd5 Ra8c8
18.Kb1 Nf6e4
19.Bf4g3 Rc8c5
20.Nd5b6 Ne4c3
21.bxc3 Rc5xc3
22.Nb6xd7 Ke8
23.Bf1xa6 Bf8e7
24.Rh1e1 f6
25.Kb2 Rc3c6
26.Ba6b5 Rc6b6
27.Nd7xb6 Kf7
28.Re1xe7 Kxe7
29.Bg3d6 Ke6
30.Bb5d7 { resign }
1-0

[Event "Tourn. n9725"]
[Site "www.chess-mail.com"]
[Date "2018.03.26"]
[Round "1"]
[White "Coolant"]
[Black "Apdash"]
[WhiteElo "2270"]
[BlackElo "2180"]
[Result "1-0"]
[Round "1"]
1.c4 c5
2.Nb1c3 Ng8f6
3.g3 e6
4.Bf1g2 g6
5.Ng1f3 Bf8g7
6.O-O O-O
7.e4 d6
8.d4 cxd4
9.Nf3xd4 a6
10.Bc1e3 e5
11.Nd4c2 Nb8c6
12.Nc3d5 Nf6xd5
13.Qd1xd5 Bc8e6
14.Qd5d3 Qd8e7
15.Rf1d1 Ra8d8
16.Be3b6 Rd8d7
17.b4 f5
18.b5 fxe4
19.Bg2xe4 axb5
20.cxb5 Nc6d4
21.Nc2xd4 exd4
22.Bb6xd4 d5
23.Bd4xg7 Qe7xg7
24.Be4g2 Qg7b2
25.f4 Be6f5
26.Bg2xd5 Kg7
27.Qd3b3 Qb2e2
28.Bd5f3 Qe2e7
29.Rd1xd7 Qe7xd7
30.Ra1d1 Qd7c7
31.Qb3d5 Qc7b6
32.Kg2 Rf8f7
33.Qd5e5 Qb6f6
34.Qe5xf6 Kxf6
35.Rd1d6 Kg7
36.Rd6b6 Bf5c8
37.a4 Kf8
38.Kf2 Rf7c7
39.Bf3e4 Rc7c4
40.Be4xb7 Bc8xb7
41.Rb6xb7 Rc4xa4
42.Rb7xh7 Ra4b4
43.Kf3 Rb4xb5
44.Kg4 Kg8
45.Rh7e7 Rb5h5
46.h4 Rh5a5
47.Re7e5 Ra5a1
48.Kg5 Ra1a6
49.g4 Kg7
50.Re5e7 Kf8
51.Re7b7 Ra6c6
52.f5 gxf5
53.gxf5 Rc6a6
54.h5 Ra6a1
55.h6 Ra1g1
56.Kf6 Kg8
57.Rb7g7 Rg1xg7
58.hxg7 Kh7
59.Kf7 { resign }
1-0

[Event "Tourn. n9744"]
[Site "www.chess-mail.com"]
[Date "2018.03.26"]
[Round "1"]
[White "Falcoale"]
[Black "Bira47"]
[WhiteElo "1890"]
[BlackElo "2040"]
[Result "0-1"]
[Round "1"]
1.e4 c5
2.c4 e6
3.Nb1c3 a6
4.Ng1f3 h6
5.b3 Bf8e7
6.Bc1b2 Ng8f6
7.e5 Nf6h7
8.Bf1d3 Nh7g5
9.Nc3e4 Ng5xe4
10.Bd3xe4 Nb8c6
11.Be4xc6 dxc6
12.O-O b5
13.Qd1e2 O-O
14.Ra1d1 Qd8c7
15.Qe2e4 f5
16.Qe4e1 Bc8b7
17.d4 cxd4
18.Nf3xd4 Qc7d7
19.Nd4xf5 Qd7e8
20.Nf5d6 Be7xd6
21.exd6 Ra8d8
22.Bb2a3 Rf8f7
23.c5 Bb7c8
24.Qe1e4 e5
25.Rf1e1 Qe8f8
26.Rd1d2 Bc8d7
27.Rd2e2 Rd8e8
28.Ba3b2 Rf7f4
29.Qe4e3 e4
30.Qe3g3 Rf4g4
31.Qg3c3 Re8e6
32.Re2e3 Re6g6
33.g3 Rg4f4
34.Qc3d2 Qf8f5
35.Re3e2 Rf4h4
36.Re2e3 Qf5h3
37.f3 Rg6xg3
38.Kh1 exf3
39.Bb2e5 Rg3g2
{ resign }
0-1

[Event "Tourn. n9634"]
[Site "www.chess-mail.com"]
[Date "2018.03.26"]
[Round "1"]
[White "Libiesse"]
[Black "Sahlapalat"]
[WhiteElo "1850"]
[BlackElo "1870"]
[Result "1/2-1/2"]
[Round "1"]
1.d4 Ng8f6
2.c4 g6
3.Nb1c3 d5
4.cxd5 Nf6xd5
5.Qd1b3 Nd5xc3
6.bxc3 c5
7.e3 Bf8g7
8.Ng1f3 O-O
9.Bf1d3 Nb8c6
10.O-O b6
11.Bc1b2 Bc8b7
12.Rf1d1 cxd4
13.cxd4 Ra8c8
14.Ra1c1 Nc6a5
15.Qb3a3 Qd8d7
16.Bd3e2 Rc8xc1
17.Rd1xc1 e6
18.Bb2c3 Na5c6
19.Bc3d2 Rf8c8
20.Be2b5 Bg7f8
21.Qa3xa7 Nc6xa7
22.Bb5xd7 Rc8xc1
23.Bd2xc1 Bf8d6
24.Bd7a4 Kf8
25.h3 b5
26.Ba4b3 Na7c6
27.Bc1d2 Ke7
28.Kf1 f6
29.Ke1 Nc6b4
30.Ke2 Nb4d5
31.e4 Nd5f4
32.Bd2xf4 Bd6xf4
33.g3 Bf4c7
34.Ke3 Bc7b6
35.Kd3 { draw }
1/2-1/2

[Event "Tourn. n9760"]
[Site "www.chess-mail.com"]
[Date "2018.03.26"]
[Round "1"]
[White "Reda"]
[Black "Hundegana"]
[WhiteElo "1969"]
[BlackElo "1990"]
[Result "0-1"]
[Round "1"]
1.d4 f5
2.Bc1f4 d6
3.Nb1c3 g6
4.Ng1f3 Bf8h6
5.Bf4xh6 Ng8xh6
6.e3 c6
7.Bf1d3 e6
8.Qd1d2 Nh6f7
9.O-O Nb8d7
10.e4 O-O
11.exf5 exf5
12.Rf1e1 Kg7
13.d5 Nd7e5
14.Nf3xe5 Nf7xe5
15.dxc6 Ne5xc6
16.Re1e3 Rf8e8
17.Nc3d5 Re8xe3
18.Nd5xe3 Bc8e6
19.Bd3b5 Nc6e5
20.Qd2d4 Qd8b6
21.Qd4xb6 axb6
22.f4 Ne5g4
23.Ne3xg4 fxg4
24.g3 Ra8a5
25.a4 h5
26.Ra1d1 d5
27.b3 Ra5a8
28.Kf2 Ra8c8
29.Bb5d3 Kf6
30.c4 dxc4
31.bxc4 Be6f5
32.Bd3f1 Ke6
33.Rd1b1 Bf5xb1
{ resign }
0-1

[Event "Tourn. n9751"]
[Site "www.chess-mail.com"]
[Date "2018.03.26"]
[Round "1"]
[White "Roserl"]
[Black "Tartan"]
[WhiteElo "2280"]
[BlackElo "2520"]
[Result "0-1"]
[Round "1"]
1.e4 c5
2.Ng1f3 Nb8c6
3.d4 cxd4
4.Nf3xd4 g6
5.Nb1c3 Bf8g7
6.Bc1e3 Ng8f6
7.f3 O-O
8.Bf1c4 Qd8b6
9.Nc3e2 Qb6b4
{ resign }
0-1

[Event "Tourn. n9763"]
[Site "www.chess-mail.com"]
[Date "2018.03.26"]
[Round "1"]
[White "Malbertan"]
[Black "Louis"]
[WhiteElo "2010"]
[BlackElo "2000"]
[Result "1/2-1/2"]
[Round "1"]
1.f3 e5
2.e3 d5
3.c4 d4
4.Ng1e2 Nb8c6
5.d3 Bf8b4
6.Bc1d2 dxe3
7.Bd2xb4 Nc6xb4
8.Ne2g3 Ng8e7
9.Nb1c3 O-O
10.Bf1e2 f5
11.O-O f4
12.Ng3e4 Ne7f5
13.a3 Nb4c6
14.b4 Nc6d4
15.c5 Rf8e8
16.Nc3d5 Qd8xd5
17.Ne4c3 Qd5f7
18.Nc3e4 Qf7h5
19.Ne4c3 Re8e6
20.Rf1e1 Qh5xh2
21.Kxh2 Re6h6
22.Kg1 Nf5g3
{ draw }
1/2-1/2

[Event "Tourn. n9735"]
[Site "www.chess-mail.com"]
[Date "2018.03.26"]
[Round "1"]
[White "Gegonz"]
[Black "Picifarkinca"]
[WhiteElo "1610"]
[BlackElo "1700"]
[Result "1-0"]
[Round "1"]
1.Ng1f3 d5
2.c4 d4
3.e3 Nb8c6
4.g3 e5
5.d3 Bc8g4
6.Bf1e2 Ng8f6
7.O-O Bf8e7
8.Nf3xd4 exd4
9.Be2xg4 dxe3
10.fxe3 Nf6xg4
11.Qd1xg4 Be7f6
12.d4 O-O
13.Nb1c3 Bf6xd4
14.exd4 Qd8xd4
15.Qg4xd4 Nc6xd4
16.Bc1f4 { resign }
1-0

[Event "Match"]
[Site "www.echecsemail.com"]
[Date "2018.03.26"]
[Round "1"]
[White "Muderfuger"]
[Black "Billyg"]
[WhiteElo "1590"]
[BlackElo "1660"]
[Result "0-1"]
[Round "1"]
1.e4 e6
2.Nb1c3 Ng8f6
3.Ng1f3 d5
4.Bf1b5 c6
5.Bb5a4 Nb8d7
6.Nf3g5 h6
7.Ng5h3 Nd7c5
8.b3 dxe4
9.O-O b5
10.Nc3xb5 cxb5
11.Rf1e1 bxa4
12.d4 Nc5d7
 { time }
0-1

[Event "Match"]
[Site "www.echecsemail.com"]
[Date "2018.03.26"]
[Round "1"]
[White "Fegatux"]
[Black "Add"]
[WhiteElo "2290"]
[BlackElo "2180"]
[Result "0-1"]
[Round "1"]
1.d4 d5
2.c4 c6
3.g3 h6
4.Bf1g2 Ng8f6
5.Ng1f3 dxc4
6.O-O Nb8d7
7.Qd1c2 b5
8.a4 Bc8b7
9.Rf1d1 e6
10.Nf3e5 Qd8c7
11.Ne5xd7 Qc7xd7
12.Nb1d2 a6
13.Nd2f3 Ra8d8
14.Nf3e5 Qd7c7
15.Bc1f4 Bf8d6
16.b3 cxb3
17.Qc2xb3 Nf6d5
18.Bg2xd5 exd5
19.axb5 axb5
20.Ne5d3 Bd6xf4
21.Nd3xf4 O-O
22.Nf4d3 Rd8a8
23.Nd3c5 Ra8xa1
24.Rd1xa1 Rf8a8
25.Ra1xa8 Bb7xa8
26.Qb3b4 Ba8b7
27.Kg2 Bb7c8
28.Qb4c3 Bc8e6
29.f3 Qc7c8
30.Nc5d3 f6
31.Qc3c5 Be6f7
32.Nd3b4 Qc8e6
33.Qc5c2 Bf7e8
34.g4 Be8d7
35.Qc2d3 Qe6e7
36.Nb4a6 Qe7d6
37.Na6c5 Bd7c8
38.h3 Qd6e7
39.e3 f5
40.Kg3 Qe7d6
41.f4 fxg4
42.hxg4 Qd6f6
43.Qd3e2 Qf6g6
44.Nc5d3 Bc8xg4
45.Nd3e5 Bg4xe2
46.Ne5xg6 b4
47.Ng6e7 Kf7
48.Ne7xc6 b3
{ resign }
0-1

[Event "1/128 Finale"]
[Site "www.chess-mail.com"]
[Date "2018.03.26"]
[Round "1"]
[White "Guidom"]
[Black "Bojan"]
[WhiteElo "2100"]
[BlackElo "1950"]
[Result "1-0"]
[Round "1"]
1.e4 e5
2.Ng1f3 Nb8c6
3.Bf1b5 Qd8f6
4.d3 h6
5.Nb1c3 Ng8e7
6.Bb5xc6 Ne7xc6
7.Nc3d5 Qf6d8
8.Bc1d2 d6
9.O-O Bc8g4
10.h3 Bg4h5
11.c3 a6
12.Ra1c1 Nc6a7
13.Nd5e3 c6
14.d4 exd4
15.cxd4 Bf8e7
16.Ne3f5 Kf8
17.e5 Qd8d7
18.Nf5g3 Bh5g6
19.Rf1e1 dxe5
20.Nf3xe5 Qd7xd4
21.Ne5xg6 fxg6
22.Re1xe7 Kxe7
23.Bd2g5 Qd4f6
24.Bg5xf6 gxf6
25.Qd1b3 Ra8b8
26.Qb3e3 { resign }
1-0

[Event "Tourn. n9749"]
[Site "www.chess-mail.com"]
[Date "2018.03.27"]
[Round "1"]
[White "Falcoale"]
[Black "Azulmarino"]
[WhiteElo "1880"]
[BlackElo "1610"]
[Result "1-0"]
[Round "1"]
1.e4 e5
2.Ng1f3 Nb8c6
3.Bf1c4 Bf8c5
4.a3 h6
5.O-O d6
6.b4 Bc5b6
7.Bc1b2 Bc8g4
8.h3 Bg4h5
9.c3 Ng8f6
10.d3 a6
11.Nb1d2 O-O
12.Qd1c2 g5
13.Nf3h2 Bh5e2
14.Rf1e1 Qd8d7
15.Re1xe2 d5
16.exd5 Nc6e7
17.Nd2e4 Ne7g6
18.Ne4xf6 { resign }
1-0

[Event "Tourn. n9662"]
[Site "www.chess-mail.com"]
[Date "2018.03.27"]
[Round "1"]
[White "Sahlapalat"]
[Black "Abuelo"]
[WhiteElo "2050"]
[BlackElo "2100"]
[Result "1-0"]
[Round "1"]
1.d4 Ng8f6
2.c4 d6
3.Ng1f3 Bc8f5
4.Nb1c3 Nb8c6
5.g3 Nc6b4
6.Qd1a4 Nb4c6
7.d5 Bf5d7
8.dxc6 Bd7xc6
9.Qa4c2 Bc6xf3
10.exf3 h6
11.Bf1g2 e6
12.O-O c6
13.Rf1e1 d5
14.cxd5 cxd5
15.Qc2a4 Nf6d7
16.Nc3xd5 Bf8d6
17.Nd5c3 O-O
18.Bc1e3 a6
19.Ra1d1 b5
20.Qa4d4 b4
21.Nc3e4 Bd6e5
22.Qd4xb4 Ra8b8
23.Qb4a4 Rb8b5
24.Ne4c3 Be5xc3
25.bxc3 Qd8c8
26.Rd1d6 Nd7b8
27.c4 Rb5f5
{ time. }
1-0

[Event "Tourn. n9751"]
[Site "www.chess-mail.com"]
[Date "2018.03.27"]
[Round "1"]
[White "Tartan"]
[Black "Jazzy"]
[WhiteElo "2520"]
[BlackElo "2290"]
[Result "1-0"]
[Round "1"]
1.d4 Ng8f6
2.c4 e6
3.Nb1c3 Bf8b4
4.Qd1c2 d5
5.a3 Bb4xc3
6.Qc2xc3 Nf6e4
7.Qc3c2 Qd8f6
8.e3 O-O
9.Bf1d3 Bc8d7
10.Ng1f3 Nb8c6
11.O-O Ra8c8
12.Bd3xe4 dxe4
13.Qc2xe4 Nc6a5
14.Qe4d3 Na5c6
15.e4 e5
16.dxe5 Qf6e7
17.Bc1g5 Nc6xe5
18.Bg5xe7 Ne5xd3
19.Be7xf8 Nd3xb2
20.Nf3e5 Bd7e6
21.Bf8e7 Nb2xc4
22.Ne5xc4 Be6xc4
23.Rf1d1 { resign }
1-0

[Event "Tourn. n9776"]
[Site "www.chess-mail.com"]
[Date "2018.03.27"]
[Round "1"]
[White "Reda"]
[Black "Caspito"]
[WhiteElo "1840"]
[BlackElo "1920"]
[Result "0-1"]
[Round "1"]
1.d4 g6
2.Bc1f4 d6
3.Nb1c3 Bf8g7
4.Ng1f3 Ng8f6
5.e3 Bc8g4
6.Bf1e2 O-O
7.h3 Bg4h5
8.O-O c6
9.d5 Qd8b6
10.Ra1b1 Nb8a6
11.Nf3d4 Na6b4
12.a3 Nb4xd5
13.Nc3xd5 Nf6xd5
14.Be2xh5 Nd5xf4
15.exf4 Bg7xd4
16.c3 Bd4g7
17.Bh5f3 d5
18.Rf1e1 e6
19.Qd1e2 Qb6c7
20.b3 Qc7xf4
21.g3 Qf4d6
22.b4 Bg7xc3
23.Re1d1 Bc3e5
24.Rd1e1 Be5xg3
25.fxg3 Qd6xg3
26.Qe2g2 Qg3xg2
27.Bf3xg2 Rf8e8
28.Kf2 e5
29.a4 e4
30.Re1g1 f5
31.Ke3 Ra8d8
32.Kd4 Kf7
33.Kc5 d4
34.Rg1f1 d3
35.Rb1e1 e3
36.Bg2f3 e2
37.Bf3xe2 Re8e4
38.Be2f3 Rd8d5
{ resign }
0-1

[Event "Tourn. n9758"]
[Site "www.chess-mail.com"]
[Date "2018.03.27"]
[Round "1"]
[White "Bigrezi"]
[Black "Andychesston"]
[WhiteElo "2290"]
[BlackElo "2000"]
[Result "0-1"]
[Round "1"]
1.e4 e5
2.Ng1f3 Nb8c6
3.Bf1b5 d6
4.d4 Bc8g4
5.d5 a6
6.Bb5a4 b5
7.dxc6 bxa4
8.c4 Bf8e7
9.Nb1c3 Ng8f6
 { time }
0-1

[Event "Tourn. n9720"]
[Site "www.chess-mail.com"]
[Date "2018.03.27"]
[Round "1"]
[White "Picifarkinca"]
[Black "Cal"]
[WhiteElo "1660"]
[BlackElo "1530"]
[Result "1-0"]
[Round "1"]
1.e4 e5
2.Nb1c3 d6
3.d4 exd4
4.Qd1xd4 Nb8c6
5.Qd4d1 h6
6.Ng1f3 a6
7.Bf1e2 Bc8g4
8.O-O Ng8f6
9.Bc1e3 Bf8e7
10.Nf3d4 Bg4xe2
11.Qd1xe2 O-O
12.Nd4xc6 bxc6
13.Qe2c4 a5
14.Qc4xc6 Ra8b8
15.b3 Rb8b4
16.Nc3d5 Rb4xe4
17.Nd5xf6 Be7xf6
18.Qc6xe4 Rf8e8
19.Qe4a4 Bf6xa1
20.Rf1xa1 Re8e5
21.c4 c5
22.Ra1d1 f5
23.Be3f4 Re5e6
24.h3 Qd8e7
25.Qa4xa5 Re6e4
26.Bf4xd6 Qe7e8
27.Bd6xc5 Re4e5
28.Rd1d8 Re5e1
29.Kh2 { resign }
1-0

[Event "Match"]
[Site "www.echecsemail.com"]
[Date "2018.03.27"]
[Round "1"]
[White "Micheles"]
[Black "Gegonz"]
[WhiteElo "2590"]
[BlackElo "1610"]
[Result "1/2-1/2"]
[Round "1"]
1.d4 Ng8f6
2.Ng1f3 d6
3.Bc1g5 Nb8d7
4.Nb1d2 g6
5.e4 Bf8g7
6.c3 h6
7.Bg5h4 e5
8.Bf1d3 O-O
9.O-O g5
10.Bh4g3 Nf6h5
11.Rf1e1 Nh5xg3
12.hxg3 g4
13.Nf3h4 exd4
14.cxd4 Bg7xd4
15.Qd1xg4 Qd8g5
16.Qg4e2 Bd4xb2
{ draw }
1/2-1/2